Distress and drainage survey of Nowshehra Cantonment by pass and their suggested (Record no. 551340)
[ view plain ]
| 000 -LEADER | |
|---|---|
| fixed length control field | 00385nam a22001337a 4500 |
| 082 ## - DEWEY DECIMAL CLASSIFICATION NUMBER | |
| Classification number | P-203 |
| 100 ## - MAIN ENTRY--PERSONAL NAME | |
| Personal name | Sajid Mehmood. |
| 9 (RLIN) | 48368 |
| 245 ## - TITLE STATEMENT | |
| Title | Distress and drainage survey of Nowshehra Cantonment by pass and their suggested |
| Statement of responsibility, etc. | Sajid Mehmood. |
| 260 ## - PUBLICATION, DISTRIBUTION, ETC. | |
| Place of publication, distribution, etc. | Risalpur. |
| Name of publisher, distributor, etc. | NUST MCE. |
| Date of publication, distribution, etc. | 2001 |
| 300 ## - PHYSICAL DESCRIPTION | |
| Extent | Varoius Pagings. |
| 526 ## - STUDY PROGRAM INFORMATION NOTE | |
| Program name | 0 |
| Interest level | 0 |
| Reading level | 0 |
| Title point value | P_203 |
| 650 ## - SUBJECT ADDED ENTRY--TOPICAL TERM | |
| Topical term or geographic name entry element | Project |
| 942 ## - ADDED ENTRY ELEMENTS (KOHA) | |
| Source of classification or shelving scheme | |
| Koha item type | Book |
| Withdrawn status | Lost status | Source of classification or shelving scheme | Damaged status | Not for loan | Permanent Location | Current Location | Date acquired | Total Checkouts | Full call number | Barcode | Date last seen | Date last checked out | Price effective from | Koha item type | Public note |
|---|---|---|---|---|---|---|---|---|---|---|---|---|---|---|---|
| Military College of Engineering (MCE) | Military College of Engineering (MCE) | 12/11/2014 | 1 | P-203 | MCE-P-203 | 03/26/2015 | 03/26/2015 | 12/11/2014 | Book | Project |
